LIBRARY & INFORMATION CENTRE, KCAET, TAVANUR

ONLINE PUBLIC ACCESS CATALOGUE (OPAC)

Foundation of International politics / (Record no. 11986)

MARC details
000 -LEADER
fixed length control field 00452cam a2200181ua 4500
041 ## - LANGUAGE CODE
Language code of text/sound track or separate title eng
082 ## - DEWEY DECIMAL CLASSIFICATION NUMBER
Classification number 320.1
Item number HAR/FO
100 ## - MAIN ENTRY--AUTHOR NAME
Personal name Harold, Sport .
245 00 - TITLE STATEMENT
Title Foundation of International politics /
260 ## - PUBLICATION, DISTRIBUTION, ETC. (IMPRINT)
Place of publication Newdelhi :
Name of publisher Affilield ,
Year of publication 1963.
300 ## - PHYSICAL DESCRIPTION
Number of Pages 734 ; .
700 1# - ADDED ENTRY--PERSONAL NAME
Personal name Harold, Sport .
942 ## - ADDED ENTRY ELEMENTS (KOHA)
Koha item type Books
Holdings
Withdrawn status Lost status Damaged status Home library Current library Date acquired Full call number Accession Number Koha item type
Withdrawn     KAUAET Sanskrit University 07/04/2012 320.1 10873 Books
free website counter